| 000 | 00996nas a2200313 i 4500 | ||
|---|---|---|---|
| 001 | 179975 | ||
| 003 | ES-MaACL | ||
| 005 | 20260121135704.0 | ||
| 008 | 120309c1995 sp t|yp | ||pa d | ||
| 022 | _a1135-1675 | ||
| 080 | _a7 | ||
| 080 | _a78 | ||
| 080 | _a82 | ||
| 245 | 0 | 0 |
_aSibila : _brevista de arte, música y literatura. |
| 260 |
_aSevilla : _bSibila, _c1995- |
||
| 300 |
_a8 v. : _bil. ; _c34 cm + _edisco compacto. |
||
| 310 | _aCuatrimestral | ||
| 362 | 0 | _aN. 1 (en. 1995)- | |
| 500 | _aTít. tomado de la cub. | ||
| 590 | 0 | _aDescripción basada en: n.7 (oct. 2001) | |
| 650 | 7 |
_aLiteratura española _2embne _914539 |
|
| 655 | 7 |
_2tgfbne _9226866 _aRevistas |
|
| 852 |
_aES-MaACL _jHEM-2101 _9186882 _cHEM |
||
| 856 | 4 |
_uhttps://dialnet.unirioja.es/servlet/revista?codigo=16209 _z(Acceso a sumarios de la revista en Dialnet) |
|
| 866 | 0 | _o(2001),2024-2025- | |
| 942 |
_2udc _cPERIODICA _n0 |
||
| 999 |
_c179975 _d179975 |
||